000 00295nam a22001217a 4500
008 170613b xxu||||| |||| 00| 0 eng d
041 _aeng
080 _28 ED
_a323
100 _a19
101 _aSHP
245 _aTHE WORLD ISSUES POLITICS THE DEVELOPMENT
_cWEATHER.J.N
942 _2udc
_cBK
999 _c17145
_d17145